Fundamentals of financial management
This book is used in the Applied Capital Budgeting at University of Massachussetts Dartmouth. It's a very helpful and useful book. In order to understand time value of money, financial statement analysis , capital budgeting and risk , return
Saved in:
| Main Author: | |
|---|---|
| Format: | Book |
| Language: | Undetermined |
| Published: |
London
Prentice-Hall
1995
|
| Subjects: | |
| Tags: |
Add Tag
No Tags, Be the first to tag this record!
|
| Institutions: | Trung tâm Học liệu Trường Đại học Cần Thơ |
|---|
| LEADER | 00823nam a2200205Ia 4500 | ||
|---|---|---|---|
| 001 | CTU_23706 | ||
| 008 | 210402s9999 xx 000 0 und d | ||
| 082 | |a 658.1511 | ||
| 082 | |b V256 | ||
| 100 | |a Van Horne, James C. | ||
| 245 | 0 | |a Fundamentals of financial management | |
| 245 | 0 | |c James C. Van Horne, Jonh M. Wachowicz | |
| 260 | |a London | ||
| 260 | |b Prentice-Hall | ||
| 260 | |c 1995 | ||
| 520 | |a This book is used in the Applied Capital Budgeting at University of Massachussetts Dartmouth. It's a very helpful and useful book. In order to understand time value of money, financial statement analysis , capital budgeting and risk , return | ||
| 650 | |a Business enterprises,Corporations | ||
| 650 | |x Finance,Finance | ||
| 904 | |i Phượng, Hải | ||
| 980 | |a Trung tâm Học liệu Trường Đại học Cần Thơ | ||